000 00575nam a2200205Ia 4500
005 20250923150044.0
008 008 250917s9999 xx 000 0 eng d
037 _aTextual
040 _aDSWL
_beng
_cDSWL
041 _aeng
_2eng
084 _aY15:425, P00
_qDSWL
100 _aChakraborty, K.
_9841721
245 0 _aWomen as devadasis: Origin and growth
_c by K.Chakraborty
260 _aNew Delhi
_b Deep & Deep Sons
_c2000
300 _a104p.
365 _aINR
_b220
925 _g220
942 _cTEXL
_hY15:425, P00
999 _c1459038
_d1459038